Určování priorit zahraničního obchodu Proexportní pomoc kanadské vlády

Proexportné aktivity kanadskej vlády. Každoročne publikovaná Stratégia kanadského exportu - hlavné priority obchodnej politiky federálnej vlády v r. 1996/97. Hlavné postupy podpory kanadských firiem pri ich prenikaní na zahraničné trhy. Informácie pre kanadské firmy o možnostiach obchodu v jednotliv...

Ausführliche Beschreibung

Gespeichert in:
Bibliographische Detailangaben
1. Verfasser: Tlapa, M.
Format: Buchkapitel
Sprache:Tschechisch
Schlagworte:
Tags: Tag hinzufügen
Keine Tags, Fügen Sie das erste Tag hinzu!

MARC

LEADER 00000naa a2200000 4500
001 r021552
005 20230920092009.3
041 0 |a cze 
044 |a CZ 
245 1 0 |a Určování priorit zahraničního obchodu  |b Proexportní pomoc kanadské vlády  |c M. Tlapa 
520 |a Proexportné aktivity kanadskej vlády. Každoročne publikovaná Stratégia kanadského exportu - hlavné priority obchodnej politiky federálnej vlády v r. 1996/97. Hlavné postupy podpory kanadských firiem pri ich prenikaní na zahraničné trhy. Informácie pre kanadské firmy o možnostiach obchodu v jednotlivých teritóriách a medzinárodné príležitosti v jednotlivých odvetviach. Význam služieb kanadskej vlády a niektorých špecializovaných inštitúcií pre kanadských exportérov. Poučenie pre ČR. 
610 2 0 |a obchod zahraničný 
610 2 0 |a vývoz 
610 2 0 |a podpora vývozu 
610 2 0 |a vláda 
610 2 0 |a politika obchodná 
610 2 0 |a Kanada 
100 1 |a Tlapa, M.